Best Ski Jumpers - Statistics

General Stats
  • This quiz has been taken 135 times
  • The average score is 11 of 15
Answer Stats
Country Wins Ski Jumper % Correct
Poland 40 Kamil Stoch
94%
Poland 43 Adam Małysz
91%
Slovenia 24 Peter Prevc
88%
Switzerland 29 Simon Ammann
86%
Finland 38 Janne Ahonen
85%
Austria 23 Stefan Kraft
84%
Austria 55 Gregor Schlierenzauer
83%
Finland 51 Matti Nykänen
78%
Germany 30 Martin Schmitt
69%
Germany 24 Severin Freund
65%
Austria 25 Thomas Morgenstern
65%
Germany 37 Jens Weißflog
54%
Germany 20 Sven Hannawald
53%
Austria 21 Andreas Goldberger
52%
Austria 27 Andreas Felder
35%
No matching quizzes found
Score Distribution
Percent of People with Each Score
Percentile by Number Answered
Your Score History
You have not taken this quiz